[Event "Leipzig VfB op 16th"]
[Site "Leipzig"]
[Date "2009.04.02"]
[Round "4"]
[White "Bischoff, Roger"]
[Black "Nosek, Reinhard"]
[Result "0-1"]
[WhiteElo "1671"]
[BlackElo "1927"]
[PlyCount "90"]
[EventDate "2009.03.31"]
[EventType "swiss"]
[EventRounds "9"]
[EventCountry "GER"]
[SourceTitle "EXT 2010"]
[Source "ChessBase"]
[SourceDate "2010.11.25"]
[SourceVersion "1"]
[SourceVersionDate "2010.11.25"]
[SourceQuality "1"]

1. f4 Nf6 2. Nf3 d6 3. d3 Nc6 4. e4 e5 5. Nc3 Be7 6. g3 h5 7. h3 Be6 8. f5 Bc8 9. Bg2 d5 10. Bd2 Qd6 11. a3 a6 12. Ng5 Na7 13. Qe2 d4 14. Nd1 Qc6 15. Rc1 Qb6 16. c3 c5 17. Nf3 Bd6 18. Bg5 Bd7 19. c4 0-0-0 20. Qc2 Rdg8 21. Ke2 Nh7 22. b4 g6 23. f6 Bc7 24. bxc5 Qxc5 25. Qb2 Bd8 26. Rb1 Bc6 27. h4 Nxf6 28. Bh3+ Ng4 29. Bd2 a5 30. Bb4 axb4 31. axb4 Qb6 32. Nxe5 f5 33. Bxg4 hxg4 34. Nxc6 Qxc6 35. Qxd4 Bb6 36. c5 Nb5 37. Qd5 Bc7 38. Qxc6 bxc6 39. Rg1 Re8 40. Ke3 Be5 41. Rf1 Bxg3 42. Ra1 Bxh4 43. Nf2 Bg5+ 44. Ke2 g3 45. Ng4 Kb8 0-1